Metodología para la planificación del turismo sostenible en áreas silvestres protegidas (Registro nro. 9997)
[ vista simple ]
| 000 -CABECERA | |
|---|---|
| campo de control de longitud fija | 00638nam a22002177a 4500 |
| 005 - FECHA Y HORA DE ACTUALIZACIÓN | |
| campo de control | 20191018185808.0 |
| 008 - LONGITUD FIJA | |
| campo de control de longitud fija | 171128b xxu||||| |||| 00| 0 spa d |
| 041 ## - IDIOMA | |
| Código de idioma del texto/pista de sonido o título separado | |
| 082 ## - CLASIFICACIÓN DECIMAL DEWEY | |
| Número de clasificación | 3.27 M587m |
| 245 ## - TÍTULO PROPIAMENTE DICHO | |
| Título | Metodología para la planificación del turismo sostenible en áreas silvestres protegidas |
| 260 ## - PIE DE IMPRENTA | |
| Lugar de publicación, distribución, etc. | Costa Rica |
| 260 ## - PIE DE IMPRENTA | |
| Nombre del editor, distribuidor, etc. | INBIO |
| 260 ## - PIE DE IMPRENTA | |
| Fecha de publicación, distribución, etc. | 2005 |
| 300 ## - DESCRIPCIÓN FÍSICA | |
| Extensión | 81 páginas |
| 500 ## - NOTA GENERAL | |
| Nota general | Contiene disco compacto N° 489 |
| 650 ## - Materia General | |
| Materia general | TURISMO SOSTENIBLE |
| 650 ## - Materia General | |
| Materia general | ÁREAS PROTEGIDAS |
| 650 ## - Materia General | |
| Materia general | SISTEMA NACIONAL DE ÁREAS DE CONSERVACIÓN |
| 650 ## - Materia General | |
| Materia general | COSTA RICA |
| 942 ## - Punto de Acceso Adicional Koha | |
| Tipo de ítem Koha | Libro |
| Estado perdido | Estado dañado | No para préstamo | Biblioteca permanente | Biblioteca actual | Signatura completa | Código de barras | Precio efectivo a partir del | Tipo de ítem |
|---|---|---|---|---|---|---|---|---|
| Departamento de Biblioteca y Documentación Alfonso Chase Brenes | Departamento de Biblioteca y Documentación Alfonso Chase Brenes | 3.27 M587m | 10811 | 28/11/2017 | Libro | |||
| Departamento de Biblioteca y Documentación Alfonso Chase Brenes | Departamento de Biblioteca y Documentación Alfonso Chase Brenes | 3.27 M587m | 10812 | 28/11/2017 | Libro | |||
| Departamento de Biblioteca y Documentación Alfonso Chase Brenes | Departamento de Biblioteca y Documentación Alfonso Chase Brenes | 3.27 M587m | 10813 | 28/11/2017 | Libro | |||
| Departamento de Biblioteca y Documentación Alfonso Chase Brenes | Departamento de Biblioteca y Documentación Alfonso Chase Brenes | 3.27 M587m | 489DC | Disco Compacto |